[Event "Krasnoyarsk-ch"]
[Site "Krasnoyarsk"]
[Date "2013.02.05"]
[Round "5"]
[White "Piskunova, Maria"]
[Black "Khegay, Dmitriy"]
[Result "0-1"]
[WhiteElo "1878"]
[BlackElo "2300"]
[PlyCount "56"]
[EventDate "2013.02.01"]
[EventType "tourn"]
[EventRounds "11"]
[EventCountry "RUS"]
[SourceTitle "CBM 153 Extra"]
[Source "ChessBase"]
[SourceDate "2013.04.22"]
[SourceVersion "1"]
[SourceVersionDate "2013.04.22"]
[SourceQuality "1"]

1. e4 c5 2. Nc3 e6 3. g3 Nc6 4. Nge2 d5 5. exd5 exd5 6. d4 Nf6 7. Bg2 cxd4 8. Nxd4 Bg4 9. f3 Bd7 10. Nde2 Be6 11. 0-0 d4 12. Ne4 Nxe4 13. fxe4 Bc5 14. Nf4 Bc4 15. Nd3 Be7 16. Bf4 0-0 17. a3 Qd7 18. b3 Be6 19. Rf2 f6 20. Bd2 Ne5 21. Nf4 Rac8 22. Nxe6 Qxe6 23. Bf4 Bc5 24. Bxe5 Qxe5 25. Rf5 d3+ 26. Kh1 dxc2 27. Qc1 Qxa1 28. Qxa1 Be3 0-1